<?xml version="1.0" encoding="UTF-8"?><?xml-stylesheet type="text/xsl" href="static/style.xsl"?><OAI-PMH xmlns="http://www.openarchives.org/OAI/2.0/" xmlns:xsi="http://www.w3.org/2001/XMLSchema-instance" xsi:schemaLocation="http://www.openarchives.org/OAI/2.0/ http://www.openarchives.org/OAI/2.0/OAI-PMH.xsd"><responseDate>2026-06-07T19:15:42Z</responseDate><request verb="GetRecord" identifier="oai:docta.ucm.es:20.500.14352/137057" metadataPrefix="marc">https://docta.ucm.es/rest/oai/request</request><GetRecord><record><header><identifier>oai:docta.ucm.es:20.500.14352/137057</identifier><datestamp>2026-06-02T00:08:32Z</datestamp><setSpec>com_20.500.14352_14</setSpec><setSpec>col_20.500.14352_15</setSpec></header><metadata><record xmlns="http://www.loc.gov/MARC21/slim" xmlns:dcterms="http://purl.org/dc/terms/" xmlns:xsi="http://www.w3.org/2001/XMLSchema-instance" xmlns:doc="http://www.lyncode.com/xoai" xsi:schemaLocation="http://www.loc.gov/MARC21/slim http://www.loc.gov/standards/marcxml/schema/MARC21slim.xsd">
   <leader>00925njm 22002777a 4500</leader>
   <datafield ind2=" " ind1=" " tag="042">
      <subfield code="a">dc</subfield>
   </datafield>
   <datafield ind2=" " ind1=" " tag="720">
      <subfield code="a">Criado, Tomás</subfield>
      <subfield code="e">author</subfield>
   </datafield>
   <datafield ind2=" " ind1=" " tag="720">
      <subfield code="a">Boserman Romero, Carla</subfield>
      <subfield code="e">author</subfield>
   </datafield>
   <datafield ind2=" " ind1=" " tag="260">
      <subfield code="c">2026-01-28</subfield>
   </datafield>
   <datafield ind2=" " ind1=" " tag="520">
      <subfield code="a">In a world saturated with planetary images that compel but rarely mobilize, we turn to solar drawings as an affective aesthetics for climate action. How can drawing attune us to changing landscapes while supporting transdisciplinary inquiries? We explored this in a workshop held in Barcelona in 2024, focusing on urban shades and extreme heat. At its core were anthotypes—solar drawings made with spinach emulsion—used to record the flickering presence of shades in different urban arenas. Thinking with anthotypes allows us to be affected by solar exposure as a planetary condition, reframing shades as inhabited or inhabitable regions. As we see it, these unstable records can become relevant forms of experiential research, activating embodied visual sensitivities to correspond to worlds undergoing climatic mutation through speculative explorations that seek to take overheated urban milieus into our own drawing hands.</subfield>
   </datafield>
   <datafield ind2=" " ind1=" " tag="520">
      <subfield code="a">En un mundo saturado de imágenes planetarias que cautivan pero rara vez movilizan, recurrimos al  dibujo solar como una estética afectiva para la acción climática. ¿Cómo puede el dibujo sintonizarnos con paisajes en transformación y, al mismo tiempo, sustentar indagaciones transdisciplinarias? Exploramos esta cuestión en un taller realizado en Barcelona en 2024 sobre las sombras urbanas y el calor extremo. El núcleo del trabajo fueron las antotipias —dibujos sola-res realizados con emulsión de espinacas utilizadas para registrar la presencia crepitante de las sombras en diferentes entornos urbanos. Pensar con antotipias permite dejarnos afectar por la exposición solar como una condición planetaria, reformulando las sombras como regiones habitadas o habitables. A nuestro entender, estos registros inestables pueden convertirse en formas relevantes de investigación experiencial, activan-do sensibilidades visuales encarna-das para corresponder a mundos en mutación climática a través de exploraciones especulativas que busquen hacerse cargo de los entornos urbanos sobrecalentados con nuestras propias manos dibujantes.</subfield>
   </datafield>
   <datafield ind1="8" ind2=" " tag="024">
      <subfield code="a">Criado, T., &amp; Boserman, C. (2026). Solar Drawings and Moving Shades: An Affective Aesthetics for the Urban Climatic Mutation. Diseña, (28), Article.4.https://doi.org/10.7764/disena.28.Article.4</subfield>
   </datafield>
   <datafield ind1="8" ind2=" " tag="024">
      <subfield code="a">0718-8447</subfield>
   </datafield>
   <datafield ind1="8" ind2=" " tag="024">
      <subfield code="a">https://hdl.handle.net/20.500.14352/137057</subfield>
   </datafield>
   <datafield ind1="8" ind2=" " tag="024">
      <subfield code="a">2452-4298</subfield>
   </datafield>
   <datafield ind1="8" ind2=" " tag="024">
      <subfield code="a">https://revistadisena.uc.cl/index.php/Disena/article/view/93282</subfield>
   </datafield>
   <datafield ind1="8" ind2=" " tag="024">
      <subfield code="a">https://umbrology.org/</subfield>
   </datafield>
   <datafield ind2="0" ind1="0" tag="245">
      <subfield code="a">Solar Drawings and Moving Shades: An Affective Aesthetics for the Urban Climatic Mutation</subfield>
   </datafield>
</record></metadata></record></GetRecord></OAI-PMH>